000 01364nam-a2200217-a-4500
001 YSU0121844
003 AM-YeHGA
005 20250617161111.0
008 990529s1965 xxu 000 0 rus u
040 _aAM-YeHGA
245 1 0 _aОптимальные системы. Статистические методы /
_cОтв. ред. Я.З. Цыпкин и др.
260 0 _aМосква :
_bНаука ,
_c1965.
300 _a485 с.
440 0 _aТруды 2-го Международного конгресса Международной федерации по автоматическому управлению, Базель (Швейцария), 28 августа - 4 сентября 1963 г.
550 _aАН СССР, Международная федерация по автоматическому управлению, Национальный комитет по автоматическому управлению
650 4 _aОбщетехнические дисциплины
700 1 0 _aЦыпкин, Я.З.
_4edt
700 1 _aТрапезников, В.А.
_4edt
711 2 _aМеждународный конгресс Международной федерации по автоматическому управлению (2) Базель (Швейцария) 28 августа - 4 сентября 1963 г.
090 _c468716
999 _c465517
_d465517